LEADER 00807nam0-22002891i-450- 001 990004068540403321 005 20051026112455.0 035 $a000406854 035 $aFED01000406854 035 $a(Aleph)000406854FED01 035 $a000406854 100 $a19990604d1986----km-y0itay50------ba 101 0 $aeng 105 $ay-------00-y- 200 1 $aDual-career families$fUma Sekeran 210 $aSan Francisco$aLondon$cJossey-Bass Publ.$d1986 215 $a261 p.$d23 cm 676 $a306.87$v21$zita 700 1$aSekeran,$bUma$0385097 801 0$aIT$bUNINA$gRICA$2UNIMARC 901 $aBK 912 $a990004068540403321 952 $a306.87 SEK 1$bBIBL.4501$fFLFBC 952 $a306.87 SEK 1 (BIS)$bBIBL.5778$fFLFBC 959 $aFLFBC 996 $aDual-career families$9479212 997 $aUNINA LEADER 02218nam 2200601 a 450 001 9910457849703321 005 20200520144314.0 010 $a0-8156-5103-1 035 $a(CKB)2550000000051354 035 $a(EBL)3410030 035 $a(SSID)ssj0000566266 035 $a(PQKBManifestationID)11377516 035 $a(PQKBTitleCode)TC0000566266 035 $a(PQKBWorkID)10534899 035 $a(PQKB)11500016 035 $a(MiAaPQ)EBC3410030 035 $a(OCoLC)759158731 035 $a(MdBmJHUP)muse3585 035 $a(Au-PeEL)EBL3410030 035 $a(CaPaEBR)ebr10493595 035 $a(CaONFJC)MIL946759 035 $a(EXLCZ)992550000000051354 100 $a20090326d2009 uy 0 101 0 $aeng 135 $aur|n|---||||| 181 $ctxt 182 $cc 183 $acr 200 10$aNational minority, regional majority$b[electronic resource] $ePalestinian Arabs versus Jews in Israel /$fYitzhak Reiter 205 $a1st ed. 210 $aSyracuse, N.Y. $cSyracuseUniversity Press$d2009 215 $a1 online resource (436 p.) 225 1 $aSyracuse studies on peace and conflict resolution 300 $aDescription based upon print version of record. 311 $a0-8156-3230-4 320 $aIncludes bibliographical references (p. 343-360) and index. 327 $aThe conflict sources -- The earthquake -- Arabs under Likud -- Palestine first : West Bank and Gaza projection -- Turning the scales between Likud and labor -- The first Intifada and the Madrid conference -- Peace and affirmative action -- The emergence of a national minority -- Black October -- The Jewish counterattack -- Future vision. 410 0$aSyracuse studies on peace and conflict resolution. 606 $aPalestinian Arabs$zIsrael 606 $aJewish-Arab relations 607 $aIsrael$xEthnic relations 608 $aElectronic books. 615 0$aPalestinian Arabs 615 0$aJewish-Arab relations. 676 $a305.892/74 700 $aReiter$b Yitzhak$0848170 801 0$bMiAaPQ 801 1$bMiAaPQ 801 2$bMiAaPQ 906 $aBOOK 912 $a9910457849703321 996 $aNational minority, regional majority$91994754 997 $aUNINA LEADER 05653nam 22007693u 450 001 9910541252103321 005 20210107033431.0 010 $a0-8389-9722-8 035 $a(CKB)2550000000005474 035 $a(EBL)474164 035 $a(OCoLC)568726076 035 $a(SSID)ssj0000339988 035 $a(PQKBManifestationID)12134342 035 $a(PQKBTitleCode)TC0000339988 035 $a(PQKBWorkID)10388026 035 $a(PQKB)11591501 035 $a(MiAaPQ)EBC3001650 035 $a(EXLCZ)992550000000005474 100 $a20130418d2009|||| u|| | 101 0 $aeng 135 $aur|n|---||||| 181 $ctxt 182 $cc 183 $acr 200 10$aMagic Search$b[electronic resource] $eGetting the Best Results from Your Catalog and Beyond 210 $aChicago $cALA Editions$d2009 215 $a1 online resource (168 p.) 300 $aDescription based upon print version of record. 311 $a0-8389-0990-6 327 $aContents; Introduction; Using the Book; 1. Finding Basic Treatments and Background Reading; 2. Finding How-To Guides; Best All-Around; How to Do It Yourself; How to Teach Yourself ...; Anything; Music; A Language; How to Review; How to Travel; 3. Finding Images; Best All-Around; Images of People, Real and Mythical; Images of Places; Images of Objects; You would think, but you might be misled-and then again, maybe just right; 4. Words, Words, ... and Numbers; Descriptions of Words; Words for Wordsmiths; Expressions; Words of Wisdom; Word History; Numbers 327 $a5. Finding Out about People: Individuals and GroupsLife Events; What They Did; What They Thought; Thoughts, Recorded or Remembered; The Way They Were; People They Knew; Things They Had; The Way They Were Imortalized; 6. Finding Out about Places; Best All-Around; Other Subdivisions Useful for Places; Historical Context; That's Life; Just the Facts; Honored in Very Special Ways; 7. Finding Creative Treatments: Stories, Poems, Songs, etc.; Creative Works, Primary; Creative Works, Secondary; 8. Finding True Stories: Memoirs, Observations, and Confessions; 9. Finding Primary Sources 327 $a10. It's about Time: Time Periods and Chronological SubdivisionsSituation 1: Same Time Period + Same Subtopic + Different Places = Different Chronological Subdivisions; Situation 2: Same Time Period + Same Place + Different Subtopics = Different Chronological Subdivisions; The Solutions: One Practical, One Complete, One quick and Dirty; The Practical Solution; The Complete Solution; The Quick and Dirty Solution; Other Subdivisions That Express Time; 11. Tools for Scholars and Other Professionals; 12. Subdivisions That Give Perspective, Put You in Control, and Amaze Others! 327 $aThe Aspects, The Royal Family of SubdivisionsRelationships Are Not Just for People!; What's Your Angle?; Subdivisions That Control; What Do You Think about That?; Did What, and to Whom?; 13. Useful for the Humanities; Favorites for the Humanities; Art; Other useful subdivisions for art; Language; Studying Language; Learning a Foreign Language; Using Your Words Correctly; Literature; Readers' Advisory; Music and the Performing Arts; Music; About Music; Theater; All Performing Arts; Other useful subdivisions for music and the performing arts; Religion; Other useful subdivisions for religion 327 $a14. Useful for the Social SciencesBest All-Around; Psychology; The Political Subdivisions; The Social Subdivisions; Law; Tests and Measures; 15. Useful for Historical Research; Best All-Around; Life and Lives; Places; Politics, Conflicts, and Diplomacy; Tools for Historians; 16. Useful for Business Topics; Best All-Around for Business; Doing Day-to-Day Business; The Product; Outside Forces; Getting into Trouble or Keeping It Clean; The Market (investments, stocks, bonds, dividends, securities, speculation); Not-So-Serious Business; 17. Useful for Education Topics; Best All-Around 327 $aTeaching and Learning 330 $aNo other work explores the LCSH subdivisions is such detail or with such commitment, making this book vital to every Reference Desk. 606 $aLibrary of Congress. Library of Congress subject headings 606 $aOnline library catalogs --Subject access --Handbooks, manuals, etc 606 $aSubject heading subdivisions --Handbooks, manuals, etc 606 $aSubject headings, Library of Congress --Handbooks, manuals, etc 606 $aSubject heading subdivisions$xSubject access$vHandbooks, manuals, etc 606 $aSubject headings, Library of Congress$vHandbooks, manuals, etc 606 $aOnline library catalogs$vHandbooks, manuals, etc 606 $aSocial Sciences$2HILCC 606 $aLibrary & Information Science$2HILCC 608 $aElectronic books. 615 4$aLibrary of Congress. Library of Congress subject headings. 615 4$aOnline library catalogs --Subject access --Handbooks, manuals, etc. 615 4$aSubject heading subdivisions --Handbooks, manuals, etc. 615 4$aSubject headings, Library of Congress --Handbooks, manuals, etc. 615 0$aSubject heading subdivisions$xSubject access 615 0$aSubject headings, Library of Congress 615 0$aOnline library catalogs 615 7$aSocial Sciences 615 7$aLibrary & Information Science 676 $a020 676 $a025.47 676 $a20 700 $aWalter$b Virginia A$01094101 701 $aBuchanan$b Heidi$01181265 801 0$bAU-PeEL 801 1$bAU-PeEL 801 2$bAU-PeEL 906 $aBOOK 912 $a9910541252103321 996 $aMagic Search$92741542 997 $aUNINA LEADER 02183nam 2200421 450 001 9910735583803321 005 20230821164550.0 010 $a3-7489-1817-8 024 7 $a10.5771/9783748918172 035 $a(CKB)5580000000567137 035 $a(NjHacI)995580000000567137 035 $a(EXLCZ)995580000000567137 100 $a20230821d2023 uy 0 101 0 $ager 135 $aur||||||||||| 181 $ctxt$2rdacontent 182 $cc$2rdamedia 183 $acr$2rdacarrier 200 10$aRegulatorische Mo?glichkeiten einer Installierung von Patientenlotsen im Sozialleistungssystem und Einscha?tzungen zur gesetzgeberischen Umsetzung /$fGerhard Igl 205 $aErste Auflage. 210 1$aBaden-Baden :$cNomos,$d2023. 215 $a1 online resource (213 pages) 225 1 $aSchriften zum Sozialrecht ;$vBand 7 311 $a3-7560-1307-3 330 $aDas hier vorliegende Gutachten fu?r die Stiftung Deutsche Schlaganfall-Hilfe befasst sich mit den verschiedenen regulatorischen Mo?glichkeiten einer Installierung von Patientenlotsen im Sozialleistungssystem und liefert dazu Einscha?tzungen fu?r eine gesetzgeberische Umsetzung. Im Hauptteil des Gutachtens werden u. a. bedarfsauslo?sende Situationen, Leistungsinhalte, Adressaten, Bereitstellung einer Infrastruktur an Patientenlotsen, Finanzierungsfragen, Qualifikation des Patientenlotsen behandelt. Im Vordergrund steht die Organisation der Leistungserbringung von Patientenlotsen. Ebenso werden Fragen der Zusammenarbeit verschiedener Leistungstra?ger, so auch der Zusammenarbeit von kommunalen Gebietsko?rperschaften und Sozialleistungstra?gern, ero?rtert. 410 0$aSchriften zum Sozialrecht ;$vBand 7. 606 $aSocial security 606 $aHealth insurance 615 0$aSocial security. 615 0$aHealth insurance. 676 $a368.38 700 $aIgl$b Gerhard$0611398 801 0$bNjHacI 801 1$bNjHacl 906 $aBOOK 912 $a9910735583803321 996 $aRegulatorische Mo?glichkeiten einer Installierung von Patientenlotsen im Sozialleistungssystem und Einscha?tzungen zur gesetzgeberischen Umsetzung$93422253 997 $aUNINA